Landen van Zuid-Amerika - Kaartquiz - Statistieken

Algemene statistieken
  • Deze quiz is 263 keer genomen
  • De gemiddelde score is 10 van 14
Antwoorden op de kaart
Antwoorden kleurgecodeerd door een groen-rode schaal op de quizkaart volgens % correct hieronder.
 
Antwoordstatistieken
Antwoord % Correct
Brazilië
95%
Chili
94%
Argentinië
88%
Falklandeilanden (VK)
80%
Bolivia
73%
Colombia
72%
Ecuador
72%
Uruguay
70%
Paraguay
69%
Peru
69%
Venezuela
66%
Frans-Guyana
65%
Suriname
61%
Guyana
56%
Geen overeenkomende quizzen gevonden
Scoreverdeling
Procent van Mensen met Elke Score
Percentiel versus Aantal Correcte Antwoorden
Uw Scoregeschiedenis
U heeft deze quiz nog niet genomen